| 000 | 01362cam a2200277 4500 | ||
|---|---|---|---|
| 008 | 031028n2003 000 0 eng u | ||
| 020 | _a1858113245 | ||
| 035 | _a(Sirsi) u124087 | ||
| 041 | _aeng | ||
| 050 |
_a346.4104343 _c18 |
||
| 100 | _aMartin, John. | ||
| 245 | 4 | _aThe A-Z of commercial leases | |
| 260 |
_aWelwyn Garden City _bEmis _c2003 |
||
| 300 |
_axvi, 174p. _c24cm. |
||
| 350 | _a52 | ||
| 520 | _aFocuses on a number of topics that commonly arise in the drafting and negotiating of a commercial lease. Topics include: the code of practice for commercial leases; the guide to good practice on service charges in commercial properties; British Property Federation short term commercial lease; BPF and British Council for Offices model clauses for an FRI office lease of whole; the proposed amendments to the Landlord and Tenant Act 1954; thoughts on ways of making greater use of the heads of terms stage of a lease negotiation have been thoroughly expounded. Topics are dealt with at varying levels of detail. | ||
| 650 | _aCOMMERCIAL LEASES | ||
| 650 | _aCODE FOR LEASING BUSINESS PREMISES IN ENGLAND AND WALES | ||
| 650 | _aSERVICE CHARGES | ||
| 650 | _aSHORT TERM COMMERCIAL LEASE | ||
| 650 | _aMODEL CLAUSES | ||
| 650 | _aLANDLORD AND TENANT ACT 1954 | ||
| 650 | _aBCO | ||
| 690 | _aLANDLORD AND TENANT-LEASES | ||
| 942 | _n0 | ||
| 999 |
_c103139 _d103139 |
||